000 00339nam a22001457a 4500
008 221010b ||||| |||| 00| 0 eng d
020 _a1558321047
041 _aeng
080 _2THIRD EDITION
_a618
082 _a618HUGG
100 _a15.2
101 _aGINE
245 _aTHE NURSING MOTHER'S COMPANION
_cHUGGINS K
942 _2udc
_cBK
999 _c58431
_d58431